Na slovíčko..... dvojitá podmienka neuznania odpočtu DPH (C-277/14; prípad PPUH Stehcemp)
Priblíženie významného judikátu Súdneho dvora EÚ vo veci dokazovania nároku na odpočítanie DPH na vstupe – rozsudok SDEÚ vo veci C-277/14; prípad spoločnosti PPUH Stehcemp (Poľsko; www.eur-lex.europa.eu, curia.europa.eu). Problematika judikovania, že zmarenie odpočtu DPH je možné len za splnenia dvo...
Salvato in:
| Autore principale: | |
|---|---|
| Natura: | Capitolo di libro |
| Lingua: | slovacco |
| Soggetti: | |
| Tags: |
Nessun Tag, puoi essere il primo ad aggiungerne!!
|
MARC
| LEADER | 00000naa a2200000 4500 | ||
|---|---|---|---|
| 001 | 0278000 | ||
| 005 | 20210826154005.0 | ||
| 041 | 0 | |a slo | |
| 044 | |a SK | ||
| 245 | 1 | 0 | |a Na slovíčko..... |b dvojitá podmienka neuznania odpočtu DPH (C-277/14; prípad PPUH Stehcemp) |c Vladimír Pastierik |
| 520 | |a Priblíženie významného judikátu Súdneho dvora EÚ vo veci dokazovania nároku na odpočítanie DPH na vstupe – rozsudok SDEÚ vo veci C-277/14; prípad spoločnosti PPUH Stehcemp (Poľsko; www.eur-lex.europa.eu, curia.europa.eu). Problematika judikovania, že zmarenie odpočtu DPH je možné len za splnenia dvojitej podmienky (podvod a vedomosť). | ||
| 610 | 2 | 0 | |a dane z hodnoty pridanej |
| 610 | 2 | 0 | |a odpočet dane |
| 610 | 2 | 0 | |a podvody daňové |
| 610 | 2 | 0 | |a Poľsko |
| 610 | 2 | 0 | |a Európska únia |
| 610 | 2 | 0 | |a súdy |
| 610 | 2 | 0 | |a právo európske |
| 610 | 2 | 0 | |a Súdny dvor Európskej únie |
| 100 | 1 | |a Pastierik, Vladimír | |